Logotipos Mal Dibujados - Estadísticas

Estadísticas generales
  • Esta prueba ha sido intentada 44 veces
  • La puntuación promedio es 10 de 12
Estadísticas de respuestas
Imagen Respuesta % Correcto
Google Chrome
100%
HP
100%
LG
100%
Pepsi
100%
McDonalds
97%
Microsoft
97%
Nike
97%
Chevrolet
90%
Spotify
72%
Walmart
67%
Target
54%
Canva
36%
No se encontraron pruebas coincidentes
Distribución de puntuación
Porcentaje de gente con cada puntuación
Porcentaje por número respondido
Historial de tus puntuaciones
No has intentado esta prueba.